Smernica GAMP - spracovanie formulárov a prezentácia

Salvato in:
Dettagli Bibliografici
Autore principale: Moravčík, Juraj, 1986- (Autore)
Altri autori: Mudrončík, Dušan, 1947- (xxx)
Natura: Manoscritto Libro
Lingua:slovacco
Pubblicazione: STU v Bratislave MTF UIAM, 2010
Soggetti:
Accesso online:VAIS
Tags: Aggiungi Tag
Nessun Tag, puoi essere il primo ad aggiungerne!!

MARC

LEADER 00000ntm a22000003a 4500
001 stu206755
005 20160719160251.4
008 100708s2010------------------------slo-d
040 |a STU  |b slo 
041 0 |a slo 
100 1 |a Moravčík, Juraj,  |d 1986-  |4 aut  |X 24642  |7 A000024642 
242 0 0 |a GAMP Guide - forms processing and presentation  |y eng 
245 1 |a Smernica GAMP - spracovanie formulárov a prezentácia 
260 |b STU v Bratislave MTF UIAM,  |c 2010 
650 7 |a validation  |2 estusub 
650 7 |a príručka  |2 stusub 
650 7 |a systém  |2 stusub 
700 1 |a Mudrončík, Dušan,  |d 1947-  |4 xxx  |u M6000  |U MTF Materiálovotechnologická fakulta  |T MTF Ústav aplikovanej informatiky, automatizácie a matematiky  |X 505  |U M6000  |Y 86  |7 A000000505 
856 4 |a info a plný text  |u http://is.stuba.sk/zp/portal_zp.pl?podrobnosti=75232  |3 VAIS 
996 |c M*DP-9226  |l MMSKP  |s P  |a 0  |w stu206755_0001